000 00728nam a22002417a 4500
001 BR7314274
003 BR-BrBNA
005 20230928084300.0
007 ta
008 230509b bl.||||| |||| 00| 0 por d
040 _aBR-BrBNA
_bpor
_cBiblioteca Nacional de Agricultura
041 _a(Por)
072 _aE15
_b/G514
090 _ E15 BR7314274
110 1 _aBanco Central do Brasil, Rio de Janeiro, GB
_91052
245 1 _aCredito rural 1969; dados estatisticos [Brasil]
260 3 _aRio de Janeiro, GB (Brasil):
_c1969.
300 _a57 p.
500 _a(*) Documento disponível no(a) Universidade Federal de Vicosa, MG (Brazil)
650 _aCREDITO RURAL
909 _a202309
_bLucia
_c55
_dLucia Elande
942 _cBK
999 _c17904
_d17904